[Event "I Open Internacional Ateneo Maritimo"]
[Site "Valencia C/La reina, 68"]
[Date "2017.05.20"]
[Round "5.1"]
[White "Plaskett, H James"]
[Black "Diaz Velandia, Jose Manuel"]
[Result "1-0"]
[WhiteElo "2455"]
[BlackElo "2345"]
[PlyCount "81"]
[EventDate "2017.??.??"]

1. e4 {[%clk 0:07:03]} 1... c6 {[%clk 0:06:47]} 2. c4 {[%clk 0:07:00]} 2... d5
{[%clk 0:06:47]} 3. cxd5 {[%clk 0:06:57]} 3... cxd5 {[%clk 0:06:49]} 4. exd5 {
[%clk 0:06:59]} 4... Qxd5 {[%clk 0:06:51]} 5. Nc3 {[%clk 0:07:00]} 5... Qd8 {
[%clk 0:06:53]} 6. Nf3 {[%clk 0:07:00]} 6... Nf6 {[%clk 0:06:54]} 7. d4 {
[%clk 0:07:01]} 7... e6 {[%clk 0:06:56]} 8. Bd3 {[%clk 0:07:01]} 8... Be7 {
[%clk 0:06:56]} 9. O-O {[%clk 0:07:01]} 9... O-O {[%clk 0:06:53]} 10. Re1 {
[%clk 0:07:00]} 10... b6 {[%clk 0:06:43]} 11. Bg5 {[%clk 0:06:39]} 11... Bb7 {
[%clk 0:06:44]} 12. Rc1 {[%clk 0:06:02]} 12... Nbd7 {[%clk 0:06:39]} 13. Qe2 {
[%clk 0:05:29]} 13... Rc8 {[%clk 0:06:34]} 14. Rcd1 {[%clk 0:05:02]} 14... Nd5
{[%clk 0:05:51]} 15. Qe4 {[%clk 0:04:50]} 15... g6 {[%clk 0:05:46]} 16. Bxe7 {
[%clk 0:04:50]} 16... Nxc3 {[%clk 0:05:34]} 17. Qxb7 {[%clk 0:03:56]} 17...
Qxe7 {[%clk 0:05:21]} 18. bxc3 {[%clk 0:03:57]} 18... Qd6 {[%clk 0:05:13]} 19.
c4 {[%clk 0:03:48]} 19... Nf6 {[%clk 0:05:00]} 20. Qa6 {[%clk 0:03:31]} 20...
Qb4 {[%clk 0:04:21]} 21. h3 {[%clk 0:03:16]} 21... Rc7 {[%clk 0:04:22]} 22. Bf1
{[%clk 0:03:11]} 22... Rfc8 {[%clk 0:04:15]} 23. Re3 {[%clk 0:03:02]} 23... Ne8
{[%clk 0:04:06]} 24. d5 {[%clk 0:02:53]} 24... exd5 {[%clk 0:04:04]} 25. cxd5 {
[%clk 0:02:53]} 25... Nd6 {[%clk 0:04:06]} 26. Qa3 {[%clk 0:02:42]} 26... Qf4 {
[%clk 0:04:03]} 27. g3 {[%clk 0:02:40]} 27... Qf6 {[%clk 0:04:05]} 28. Nd4 {
[%clk 0:02:27]} 28... Rc5 {[%clk 0:03:54]} 29. Qxa7 {[%clk 0:02:15]} 29... Rxd5
{[%clk 0:03:08]} 30. Qxb6 {[%clk 0:02:16]} 30... Ra8 {[%clk 0:02:33]} 31. Bg2 {
[%clk 0:02:08]} 31... Rxa2 {[%clk 0:02:33]} 32. Rf3 {[%clk 0:01:55]} 32... Qe5
{[%clk 0:02:25]} 33. Re3 {[%clk 0:00:36]} 33... Qf6 {[%clk 0:02:27]} 34. Rf3 {
[%clk 0:00:32]} 34... Qe5 {[%clk 0:02:30]} 35. Rfd3 {[%clk 0:00:20]} 35... Qf6
{[%clk 0:02:28]} 36. Nf3 {[%clk 0:00:19]} 36... Rxd3 {[%clk 0:02:24]} 37. Rxd3
{[%clk 0:00:22]} 37... Qa1+ {[%clk 0:02:26]} 38. Kh2 {[%clk 0:00:22]} 38... Nf5
{[%clk 0:02:28]} 39. g4 {[%clk 0:00:22]} 39... Nh6 {[%clk 0:02:02]} 40. Kg3 {
[%clk 0:00:21]} 40... Ra8 {[%clk 0:01:45]} 41. Rd8+ {[%clk 0:00:21]} 1-0

[Event "I Open Internacional Ateneo Maritimo"]
[Site "Valencia C/La reina, 68"]
[Date "2017.05.20"]
[Round "5.2"]
[White "Garcia, Jhoel"]
[Black "Galvan, Jesus"]
[Result "1-0"]
[WhiteElo "2331"]
[BlackElo "2309"]
[PlyCount "81"]
[EventDate "2017.??.??"]

1. e4 {[%clk 0:07:03]} 1... c5 {[%clk 0:07:04]} 2. Nf3 {[%clk 0:07:05]} 2...
Nf6 {[%clk 0:06:52]} 3. Nc3 {[%clk 0:07:02]} 3... Nc6 {[%clk 0:06:54]} 4. d4 {
[%clk 0:06:57]} 4... d5 {[%clk 0:06:56]} 5. Bb5 {[%clk 0:05:31]} 5... dxe4 {
[%clk 0:06:54]} 6. Ne5 {[%clk 0:05:29]} 6... cxd4 {[%clk 0:06:17]} 7. Nxc6 {
[%clk 0:04:52]} 7... bxc6 {[%clk 0:06:19]} 8. Bxc6+ {[%clk 0:04:54]} 8... Bd7 {
[%clk 0:06:20]} 9. Bxa8 {[%clk 0:04:55]} 9... dxc3 {[%clk 0:06:20]} 10. Bb7 {
[%clk 0:01:32]} 10... Qb6 {[%clk 0:04:29]} 11. bxc3 {[%clk 0:01:31]} 11... Qxb7
{[%clk 0:04:31]} 12. Bf4 {[%clk 0:01:33]} 12... e5 {[%clk 0:03:04]} 13. Bxe5 {
[%clk 0:01:27]} 13... Qd5 {[%clk 0:03:03]} 14. Bd4 {[%clk 0:00:55]} 14... Bc5 {
[%clk 0:02:57]} 15. Rb1 {[%clk 0:00:54]} 15... O-O {[%clk 0:02:40]} 16. Bxf6 {
[%clk 0:00:44]} 16... Qxd1+ {[%clk 0:00:55]} 17. Rxd1 {[%clk 0:00:46]} 17...
Bg4 {[%clk 0:00:58]} 18. Rd5 {[%clk 0:00:48]} 18... Rc8 {[%clk 0:00:45]} 19.
Rd8+ {[%clk 0:00:49]} 19... Rxd8 {[%clk 0:00:46]} 20. Bxd8 {[%clk 0:00:51]}
20... Be6 {[%clk 0:00:49]} 21. Bg5 {[%clk 0:00:48]} 21... Bxa2 {[%clk 0:00:49]}
22. Kd2 {[%clk 0:00:48]} 22... f6 {[%clk 0:00:50]} 23. Be3 {[%clk 0:00:50]}
23... Bd6 {[%clk 0:00:41]} 24. Bxa7 {[%clk 0:00:51]} 24... Kf7 {[%clk 0:00:43]}
25. Be3 {[%clk 0:00:52]} 25... Ke6 {[%clk 0:00:46]} 26. Ra1 {[%clk 0:00:54]}
26... Bc4 {[%clk 0:00:47]} 27. Ra7 {[%clk 0:00:56]} 27... g5 {[%clk 0:00:49]}
28. Rb7 {[%clk 0:00:58]} 28... h5 {[%clk 0:00:41]} 29. g3 {[%clk 0:00:59]}
29... h4 {[%clk 0:00:36]} 30. Rh7 {[%clk 0:00:55]} 30... hxg3 {[%clk 0:00:36]}
31. hxg3 {[%clk 0:00:57]} 31... Be7 {[%clk 0:00:23]} 32. Rh8 {[%clk 0:00:59]}
32... Bd6 {[%clk 0:00:23]} 33. Re8+ {[%clk 0:01:00]} 33... Kd5 {[%clk 0:00:23]}
34. Rd8 {[%clk 0:01:00]} 34... Ke6 {[%clk 0:00:25]} 35. Bd4 {[%clk 0:01:02]}
35... f5 {[%clk 0:00:27]} 36. Rg8 {[%clk 0:01:02]} 36... Be7 {[%clk 0:00:26]}
37. Rg6+ {[%clk 0:01:03]} 37... Kf7 {[%clk 0:00:24]} 38. Rc6 {[%clk 0:01:05]}
38... Bd5 {[%clk 0:00:26]} 39. Rc7 {[%clk 0:01:07]} 39... Ke6 {[%clk 0:00:26]}
40. c4 {[%clk 0:01:07]} 40... Kd6 {[%clk 0:00:18]} 41. Rxe7 1-0

[Event "I Open Internacional Ateneo Maritimo"]
[Site "Valencia C/La reina, 68"]
[Date "2017.05.20"]
[Round "5.4"]
[White "Barbera Estelles, Rosendo"]
[Black "Valmana Canto, Jaime"]
[Result "0-1"]
[WhiteElo "2183"]
[BlackElo "2356"]
[PlyCount "93"]
[EventDate "2017.??.??"]

1. e4 {[%clk 0:07:01]} 1... e6 {[%clk 0:06:59]} 2. d4 {[%clk 0:07:02]} 2... d5
{[%clk 0:07:00]} 3. Nc3 {[%clk 0:07:01]} 3... Nf6 {[%clk 0:07:00]} 4. exd5 {
[%clk 0:06:59]} 4... exd5 {[%clk 0:06:59]} 5. Bd3 {[%clk 0:06:59]} 5... Bg4 {
[%clk 0:06:42]} 6. f3 {[%clk 0:06:50]} 6... Bh5 {[%clk 0:06:42]} 7. Nge2 {
[%clk 0:06:51]} 7... Bg6 {[%clk 0:06:42]} 8. O-O {[%clk 0:06:49]} 8... Be7 {
[%clk 0:06:35]} 9. Ng3 {[%clk 0:06:40]} 9... O-O {[%clk 0:06:06]} 10. Nce2 {
[%clk 0:06:16]} 10... c5 {[%clk 0:05:19]} 11. c3 {[%clk 0:06:02]} 11... c4 {
[%clk 0:05:18]} 12. Bf5 {[%clk 0:05:32]} 12... Nc6 {[%clk 0:05:03]} 13. Qc2 {
[%clk 0:05:21]} 13... Re8 {[%clk 0:04:53]} 14. Bg5 {[%clk 0:04:44]} 14... b5 {
[%clk 0:04:38]} 15. Rfe1 {[%clk 0:04:36]} 15... b4 {[%clk 0:04:29]} 16. Nf4 {
[%clk 0:04:05]} 16... bxc3 {[%clk 0:03:22]} 17. bxc3 {[%clk 0:04:06]} 17... Qa5
{[%clk 0:03:20]} 18. Re2 {[%clk 0:03:57]} 18... Bd6 {[%clk 0:03:02]} 19. Rae1 {
[%clk 0:03:41]} 19... Rxe2 {[%clk 0:02:43]} 20. Rxe2 {[%clk 0:03:25]} 20... Qc7
{[%clk 0:02:25]} 21. Bxf6 {[%clk 0:03:16]} 21... Bxf4 {[%clk 0:02:26]} 22. Bh4
{[%clk 0:02:53]} 22... Qa5 {[%clk 0:01:00]} 23. Bxg6 {[%clk 0:02:27]} 23...
hxg6 {[%clk 0:01:02]} 24. Nf1 {[%clk 0:02:27]} 24... Rb8 {[%clk 0:00:50]} 25.
Bg3 {[%clk 0:02:25]} 25... g5 {[%clk 0:00:52]} 26. Be1 {[%clk 0:02:11]} 26...
g6 {[%clk 0:00:43]} 27. g3 {[%clk 0:02:12]} 27... Bd6 {[%clk 0:00:43]} 28. Ne3
{[%clk 0:02:07]} 28... Ne7 {[%clk 0:00:37]} 29. Ng4 {[%clk 0:01:51]} 29... Nf5
{[%clk 0:00:38]} 30. Bd2 {[%clk 0:01:47]} 30... Qd8 {[%clk 0:00:39]} 31. Qc1 {
[%clk 0:01:43]} 31... Be7 {[%clk 0:00:32]} 32. Ne5 {[%clk 0:01:41]} 32... Rb6 {
[%clk 0:00:30]} 33. Qe1 {[%clk 0:01:19]} 33... Re6 {[%clk 0:00:19]} 34. Kg2 {
[%clk 0:01:06]} 34... Kg7 {[%clk 0:00:21]} 35. h3 {[%clk 0:00:28]} 35... Bd6 {
[%clk 0:00:18]} 36. f4 {[%clk 0:00:29]} 36... gxf4 {[%clk 0:00:13]} 37. Bxf4 {
[%clk 0:00:25]} 37... Qe8 {[%clk 0:00:16]} 38. Kf2 {[%clk 0:00:17]} 38... f6 {
[%clk 0:00:17]} 39. Nf3 {[%clk 0:00:15]} 39... Rxe2+ {[%clk 0:00:18]} 40. Qxe2
{[%clk 0:00:17]} 40... Qxe2+ {[%clk 0:00:19]} 41. Kxe2 {[%clk 0:00:19]} 41...
Bxf4 {[%clk 0:00:20]} 42. gxf4 {[%clk 0:00:20]} 42... Kf7 {[%clk 0:00:16]} 43.
Ne1 {[%clk 0:00:15]} 43... Nd6 {[%clk 0:00:16]} 44. Kd1 {[%clk 0:00:08]} 44...
Ne4 {[%clk 0:00:11]} 45. Kc2 Ke6 46. Nf3 {[%clk 0:00:10]} 46... Nf2 {
[%clk 0:00:13]} 47. h4 {[%clk 0:00:05]  Ke5} 0-1

[Event "I Open Internacional Ateneo Maritimo"]
[Site "Valencia C/La reina, 68"]
[Date "2017.05.20"]
[Round "5.5"]
[White "Gonzalez Aguirre, Luis"]
[Black "Garcia Molla, Victor"]
[Result "1/2-1/2"]
[WhiteElo "2137"]
[BlackElo "2344"]
[PlyCount "57"]
[EventDate "2017.??.??"]

1. c4 {[%clk 0:07:04]} 1... c5 {[%clk 0:07:01]} 2. g3 {[%clk 0:07:05]} 2... Nc6
{[%clk 0:07:01]} 3. Bg2 {[%clk 0:07:06]} 3... g6 {[%clk 0:07:02]} 4. Nc3 {
[%clk 0:07:04]} 4... Bg7 {[%clk 0:07:03]} 5. Rb1 {[%clk 0:07:05]} 5... e6 {
[%clk 0:06:52]} 6. a3 {[%clk 0:07:02]} 6... a5 {[%clk 0:06:54]} 7. e3 {
[%clk 0:06:47]} 7... Nge7 {[%clk 0:06:52]} 8. Nge2 {[%clk 0:06:49]} 8... O-O {
[%clk 0:06:45]} 9. O-O {[%clk 0:06:50]} 9... d5 {[%clk 0:06:38]} 10. cxd5 {
[%clk 0:06:41]} 10... exd5 {[%clk 0:06:26]} 11. d4 {[%clk 0:06:20]} 11... cxd4
{[%clk 0:06:12]} 12. Nxd4 {[%clk 0:06:19]} 12... Nxd4 {[%clk 0:06:06]} 13. exd4
{[%clk 0:06:19]} 13... Bf5 {[%clk 0:06:06]} 14. Ra1 {[%clk 0:06:18]} 14... h6 {
[%clk 0:05:31]} 15. Qb3 {[%clk 0:06:05]} 15... Nc6 {[%clk 0:04:41]} 16. Be3 {
[%clk 0:05:30]} 16... Nxd4 {[%clk 0:04:20]} 17. Bxd4 {[%clk 0:05:13]} 17...
Bxd4 {[%clk 0:04:22]} 18. Rad1 {[%clk 0:04:48]} 18... Qb6 {[%clk 0:03:40]} 19.
Qxb6 {[%clk 0:04:31]} 19... Bxb6 {[%clk 0:03:41]} 20. Nxd5 {[%clk 0:04:31]}
20... Bd8 {[%clk 0:03:36]} 21. Ne3 {[%clk 0:03:57]} 21... Bc8 {[%clk 0:03:04]}
22. Rd3 {[%clk 0:03:24]} 22... Rb8 {[%clk 0:02:54]} 23. Rfd1 {[%clk 0:03:21]}
23... Bf6 {[%clk 0:02:55]} 24. Nd5 {[%clk 0:02:42]} 24... Bxb2 {[%clk 0:02:40]}
25. Ne7+ {[%clk 0:02:11]} 25... Kg7 {[%clk 0:02:41]} 26. Rb3 {[%clk 0:02:02]}
26... Be5 {[%clk 0:02:18]} 27. Nxc8 {[%clk 0:01:51]} 27... Rfxc8 {
[%clk 0:01:56]} 28. Rxb7 {[%clk 0:01:11]} 28... Rxb7 {[%clk 0:01:33]} 29. Bxb7
{[%clk 0:01:13]} 1/2-1/2

[Event "I Open Internacional Ateneo Maritimo"]
[Site "Valencia C/La reina, 68"]
[Date "2017.05.20"]
[Round "5.6"]
[White "Torres Sanchez, Jose"]
[Black "Sanchez Saez, Francisco"]
[Result "1-0"]
[WhiteElo "2336"]
[BlackElo "2265"]
[PlyCount "39"]
[EventDate "2017.??.??"]

1. e4 {[%clk 0:07:05]} 1... g6 {[%clk 0:07:04]} 2. Nc3 {[%clk 0:07:03]} 2...
Bg7 {[%clk 0:07:03]} 3. h4 {[%clk 0:07:04]} 3... c5 {[%clk 0:06:52]} 4. h5 {
[%clk 0:07:04]} 4... Nc6 {[%clk 0:06:54]} 5. Bc4 {[%clk 0:06:48]} 5... e6 {
[%clk 0:06:51]} 6. Nf3 {[%clk 0:06:39]} 6... Nge7 {[%clk 0:06:44]} 7. h6 {
[%clk 0:06:33]} 7... Bf6 {[%clk 0:06:33]} 8. Qe2 {[%clk 0:06:28]} 8... Ne5 {
[%clk 0:05:43]} 9. d3 {[%clk 0:06:04]} 9... Nxc4 {[%clk 0:05:08]} 10. dxc4 {
[%clk 0:06:05]} 10... Bxc3+ {[%clk 0:05:09]} 11. bxc3 {[%clk 0:06:07]} 11...
Nc6 {[%clk 0:04:31]} 12. e5 {[%clk 0:06:03]} 12... d6 {[%clk 0:03:52]} 13. Bg5
{[%clk 0:05:43]} 13... Qa5 {[%clk 0:03:35]} 14. O-O {[%clk 0:05:40]} 14... Qxc3
{[%clk 0:02:50]} 15. Rad1 {[%clk 0:05:08]} 15... dxe5 {[%clk 0:02:26]} 16. Nxe5
{[%clk 0:04:55]} 16... Nd4 {[%clk 0:01:38]} 17. Rxd4 {[%clk 0:04:46]} 17...
cxd4 {[%clk 0:01:32]} 18. Ng4 {[%clk 0:04:45]} 18... f5 {[%clk 0:01:13]} 19.
Qe5 {[%clk 0:04:40]} 19... fxg4 {[%clk 0:00:40]} 20. Qd6 {[%clk 0:04:39]} 1-0

[Event "I Open Internacional Ateneo Maritimo"]
[Site "Valencia C/La reina, 68"]
[Date "2017.05.20"]
[Round "6.1"]
[White "Garcia, Jhoel"]
[Black "Plaskett, H James"]
[Result "1-0"]
[WhiteElo "2331"]
[BlackElo "2455"]
[PlyCount "71"]
[EventDate "2017.??.??"]

1. Nf3 {[%clk 0:07:03]} 1... Nf6 {[%clk 0:07:05]} 2. c4 {[%clk 0:07:03]} 2...
b6 {[%clk 0:07:00]} 3. Nc3 {[%clk 0:06:36]} 3... Bb7 {[%clk 0:06:58]} 4. d4 {
[%clk 0:06:33]} 4... e6 {[%clk 0:07:00]} 5. e3 {[%clk 0:06:31]} 5... Bb4 {
[%clk 0:06:56]} 6. Qc2 {[%clk 0:06:31]} 6... O-O {[%clk 0:06:52]} 7. a3 {
[%clk 0:06:33]} 7... Bxc3+ {[%clk 0:06:50]} 8. Qxc3 {[%clk 0:06:35]} 8... d6 {
[%clk 0:06:48]} 9. Be2 {[%clk 0:06:22]} 9... Nbd7 {[%clk 0:06:49]} 10. O-O {
[%clk 0:06:23]} 10... Qe7 {[%clk 0:06:50]} 11. b4 {[%clk 0:05:57]} 11... Ne4 {
[%clk 0:06:52]} 12. Qc2 {[%clk 0:05:59]} 12... f5 {[%clk 0:06:54]} 13. Bb2 {
[%clk 0:05:57]} 13... Rf6 {[%clk 0:06:53]} 14. d5 {[%clk 0:06:00]} 14... Rg6 {
[%clk 0:06:26]} 15. Nd4 {[%clk 0:04:24]} 15... exd5 {[%clk 0:03:45]} 16. cxd5 {
[%clk 0:04:20]} 16... Bxd5 {[%clk 0:03:46]} 17. f3 {[%clk 0:03:32]} 17... Qg5 {
[%clk 0:03:37]} 18. Bc4 {[%clk 0:02:26]} 18... Bxc4 {[%clk 0:02:23]} 19. Qxc4+
{[%clk 0:02:28]} 19... Kh8 {[%clk 0:02:25]} 20. Qe2 {[%clk 0:02:29]} 20... Nef6
{[%clk 0:02:21]} 21. Ne6 {[%clk 0:02:20]} 21... Qh4 {[%clk 0:02:11]} 22. Nxc7
Rg8 {[%clk 0:01:44]} 23. Rac1 {[%clk 0:02:01]} 23... Rh6 {[%clk 0:01:30]} 24.
g3 {[%clk 0:02:03]} 24... Rg6 {[%clk 0:01:26]} 25. Rc4 {[%clk 0:01:50]} 25...
Qh6 {[%clk 0:01:28]} 26. Kh1 {[%clk 0:01:39]} 26... Rxg3 {[%clk 0:01:24]} 27.
Qf2 {[%clk 0:01:06]} 27... Rh3 {[%clk 0:01:22]} 28. Rg1 {[%clk 0:01:06]} 28...
Ne5 {[%clk 0:01:22]} 29. Bxe5 {[%clk 0:00:59]} 29... dxe5 {[%clk 0:01:24]} 30.
Ne6 Rh5 {[%clk 0:01:01]} 31. Rc7 {[%clk 0:00:40]} 31... Ne8 {[%clk 0:00:56]}
32. Re7 {[%clk 0:00:37]} 32... Qf6 {[%clk 0:00:47]} 33. Rxe8 {[%clk 0:00:38]}
33... Rxe8 {[%clk 0:00:49]} 34. Nxg7 {[%clk 0:00:40]} 34... Qf7 {[%clk 0:00:46]
} 35. Nxe8 {[%clk 0:00:27]} 35... Qxe8 {[%clk 0:00:48]} 36. Qg3 {[%clk 0:00:26]
} 1-0

[Event "I Open Internacional Ateneo Maritimo"]
[Site "Valencia C/La reina, 68"]
[Date "2017.05.20"]
[Round "6.2"]
[White "Cruz Lledo, Pablo"]
[Black "Kovacevic, Slobodan"]
[Result "1/2-1/2"]
[WhiteElo "2435"]
[BlackElo "2304"]
[PlyCount "108"]
[EventDate "2017.??.??"]

1. d4 {[%clk 0:07:03]} 1... Nf6 {[%clk 0:07:05]} 2. c4 {[%clk 0:07:05]} 2... e6
{[%clk 0:07:07]} 3. Nc3 {[%clk 0:07:07]} 3... c5 {[%clk 0:07:09]} 4. d5 {
[%clk 0:07:09]} 4... exd5 {[%clk 0:07:11]} 5. cxd5 {[%clk 0:07:11]} 5... d6 {
[%clk 0:07:14]} 6. e4 {[%clk 0:07:13]} 6... g6 {[%clk 0:07:16]} 7. Nge2 {
[%clk 0:07:15]} 7... Bg7 {[%clk 0:07:13]} 8. Ng3 {[%clk 0:07:17]} 8... a6 {
[%clk 0:07:15]} 9. a4 {[%clk 0:07:19]} 9... O-O {[%clk 0:07:13]} 10. Be2 {
[%clk 0:07:21]} 10... Nbd7 {[%clk 0:07:04]} 11. O-O {[%clk 0:07:22]} 11... Rb8
{[%clk 0:06:41]} 12. Be3 {[%clk 0:07:19]} 12... h5 {[%clk 0:06:37]} 13. f3 {
[%clk 0:07:19]} 13... Ne5 {[%clk 0:06:25]} 14. Rb1 {[%clk 0:07:09]} 14... Bd7 {
[%clk 0:06:24]} 15. b4 {[%clk 0:07:01]} 15... cxb4 {[%clk 0:06:11]} 16. Rxb4 {
[%clk 0:07:01]} 16... Qa5 {[%clk 0:06:13]} 17. Qb3 {[%clk 0:06:55]} 17... b5 {
[%clk 0:05:57]} 18. axb5 {[%clk 0:06:30]} 18... axb5 {[%clk 0:05:56]} 19. Rb1 {
[%clk 0:06:20]} 19... Nc4 {[%clk 0:05:05]} 20. Nxb5 {[%clk 0:05:30]} 20... Nxe3
{[%clk 0:04:38]} 21. Qxe3 {[%clk 0:05:31]} 21... Rfe8 {[%clk 0:03:55]} 22. Qb3
{[%clk 0:04:48]} 22... Bxb5 {[%clk 0:03:34]} 23. Bxb5 {[%clk 0:04:30]} 23...
Rec8 {[%clk 0:03:23]} 24. Bc6 {[%clk 0:04:30]} 24... Qa7+ {[%clk 0:02:51]} 25.
Kh1 {[%clk 0:04:13]} 25... Rxb4 {[%clk 0:02:53]} 26. Qxb4 {[%clk 0:04:15]}
26... h4 {[%clk 0:02:54]} 27. Nf1 {[%clk 0:03:52]} 27... h3 {[%clk 0:02:57]}
28. Qb7 {[%clk 0:03:36]} 28... hxg2+ {[%clk 0:02:43]} 29. Kxg2 {[%clk 0:03:37]}
29... Rc7 {[%clk 0:02:38]} 30. Qxa7 {[%clk 0:02:53]} 30... Rxa7 {[%clk 0:02:40]
} 31. Rb8+ {[%clk 0:02:55]} 31... Kh7 {[%clk 0:02:42]} 32. Ra8 {[%clk 0:02:57]}
32... Rxa8 {[%clk 0:02:31]} 33. Bxa8 {[%clk 0:02:59]} 33... Nh5 {[%clk 0:02:32]
} 34. Ne3 {[%clk 0:02:52]} 34... Be5 {[%clk 0:02:23]} 35. Nc4 {[%clk 0:02:48]}
35... Bf4 {[%clk 0:02:25]} 36. e5 {[%clk 0:01:29]} 36... Bxe5 {[%clk 0:02:15]}
37. Nxe5 {[%clk 0:01:30]} 37... dxe5 {[%clk 0:02:18]} 38. d6 {[%clk 0:01:32]}
38... Nf4+ {[%clk 0:02:20]} 39. Kg3 {[%clk 0:01:33]} 39... Ne6 {[%clk 0:02:22]}
40. Bd5 {[%clk 0:01:21]} 40... Nd8 {[%clk 0:02:24]} 41. f4 {[%clk 0:00:55]}
41... exf4+ {[%clk 0:02:22]} 42. Kxf4 {[%clk 0:00:57]} 42... Kg7 {
[%clk 0:02:20]} 43. Ke5 {[%clk 0:00:55]} 43... f6+ {[%clk 0:02:22]} 44. Kd4 {
[%clk 0:00:52]} 44... Kf8 {[%clk 0:02:16]} 45. Kc5 {[%clk 0:00:51]} 45... Ke8 {
[%clk 0:02:18]} 46. Be4 {[%clk 0:00:17]} 46... f5 {[%clk 0:02:12]} 47. Bc2 {
[%clk 0:00:11]} 47... Nb7+ {[%clk 0:02:12]} 48. Kd5 {[%clk 0:00:13]} 48... Nxd6
{[%clk 0:02:14]} 49. Kxd6 {[%clk 0:00:15]} 49... Kf7 {[%clk 0:02:16]} 50. Ke5 {
[%clk 0:00:16]} 50... Kg7 {[%clk 0:02:17]} 51. Bd1 {[%clk 0:00:10]} 51... Kh6 {
[%clk 0:02:05]} 52. Kf6 {[%clk 0:00:11]} 52... g5 {[%clk 0:02:00]} 53. Kxf5 {
[%clk 0:00:07]} 53... g4 {[%clk 0:02:01]} 54. Bxg4 {[%clk 0:00:05]} 54... Kg7 {
[%clk 0:02:03]} 1/2-1/2

[Event "I Open Internacional Ateneo Maritimo"]
[Site "Valencia C/La reina, 68"]
[Date "2017.05.20"]
[Round "6.4"]
[White "Diaz Velandia, Jose Manuel"]
[Black "Granero Roca, Antonio"]
[Result "1-0"]
[WhiteElo "2345"]
[BlackElo "2396"]
[PlyCount "57"]
[EventDate "2017.??.??"]

1. d4 {[%clk 0:07:05]} 1... Nf6 {[%clk 0:07:05]} 2. Nf3 {[%clk 0:07:07]} 2...
g6 {[%clk 0:07:06]} 3. e3 {[%clk 0:07:10]} 3... Bg7 {[%clk 0:07:07]} 4. Bd3 {
[%clk 0:07:11]} 4... O-O {[%clk 0:07:08]} 5. O-O {[%clk 0:07:12]} 5... d6 {
[%clk 0:07:09]} 6. Nbd2 {[%clk 0:07:14]} 6... Nbd7 {[%clk 0:07:11]} 7. c3 {
[%clk 0:07:16]} 7... c5 {[%clk 0:07:12]} 8. e4 {[%clk 0:07:16]} 8... Qc7 {
[%clk 0:07:11]} 9. Re1 {[%clk 0:07:17]} 9... b6 {[%clk 0:06:59]} 10. e5 {
[%clk 0:07:00]} 10... dxe5 {[%clk 0:06:42]} 11. dxe5 {[%clk 0:07:02]} 11... Nd5
{[%clk 0:06:39]} 12. e6 {[%clk 0:06:54]} 12... fxe6 {[%clk 0:06:29]} 13. Bc4 {
[%clk 0:06:45]} 13... Rf5 {[%clk 0:05:16]} 14. Ne4 {[%clk 0:06:42]} 14... Ne5 {
[%clk 0:04:57]} 15. Nxe5 {[%clk 0:06:28]} 15... Rxe5 {[%clk 0:04:55]} 16. f4 {
[%clk 0:06:24]} 16... Rf5 {[%clk 0:04:51]} 17. Ng3 {[%clk 0:06:21]} 17... Rf7 {
[%clk 0:04:26]} 18. Ne4 {[%clk 0:06:20]} 18... Nxf4 {[%clk 0:04:06]} 19. Ng5 {
[%clk 0:05:55]} 19... Nxg2 {[%clk 0:03:20]} 20. Rxe6 {[%clk 0:04:46]} 20... Nh4
{[%clk 0:02:43]} 21. Nxf7 {[%clk 0:04:35]} 21... Bxe6 {[%clk 0:01:55]} 22. Bxe6
{[%clk 0:04:36]} 22... Kf8 {[%clk 0:01:57]} 23. Qd5 {[%clk 0:04:09]} 23... Re8
{[%clk 0:01:35]} 24. Bg5 {[%clk 0:04:05]} 24... Nf5 {[%clk 0:01:03]} 25. Rf1 {
[%clk 0:03:58]} 25... Bf6 {[%clk 0:00:38]} 26. Bxf5 {[%clk 0:03:35]} 26... gxf5
{[%clk 0:00:35]} 27. Bh6+ {[%clk 0:03:33]} 27... Kg8 {[%clk 0:00:14]} 28. Nd6+
{[%clk 0:03:31]} 28... e6 {[%clk 0:00:16]} 29. Nxe8 {[%clk 0:03:31]} 1-0

[Event "I Open Internacional Ateneo Maritimo"]
[Site "Valencia C/La reina, 68"]
[Date "2017.05.20"]
[Round "6.5"]
[White "Martin Ayala, David"]
[Black "Garcia Molla, Victor"]
[Result "0-1"]
[WhiteElo "1985"]
[BlackElo "2344"]
[PlyCount "70"]
[EventDate "2017.??.??"]

1. e4 e6 {[%clk 0:07:01]} 2. d4 {[%clk 0:07:05]} 2... d5 {[%clk 0:07:02]} 3.
Nd2 {[%clk 0:07:07]} 3... Nf6 {[%clk 0:07:02]} 4. e5 {[%clk 0:07:10]} 4... Nfd7
{[%clk 0:07:04]} 5. Bd3 {[%clk 0:07:12]} 5... c5 {[%clk 0:07:06]} 6. c3 {
[%clk 0:07:14]} 6... Nc6 {[%clk 0:07:04]} 7. Ne2 {[%clk 0:07:16]} 7... cxd4 {
[%clk 0:07:06]} 8. cxd4 {[%clk 0:07:18]} 8... Nb6 {[%clk 0:06:59]} 9. a3 {
[%clk 0:07:11]} 9... a5 {[%clk 0:07:01]} 10. O-O {[%clk 0:07:02]} 10... Bd7 {
[%clk 0:07:02]} 11. f4 {[%clk 0:06:53]} 11... g6 {[%clk 0:07:03]} 12. Nf3 {
[%clk 0:06:53]} 12... h5 {[%clk 0:07:04]} 13. Qc2 {[%clk 0:06:52]} 13... Ne7 {
[%clk 0:06:54]} 14. Bd2 {[%clk 0:06:17]} 14... Rc8 {[%clk 0:06:24]} 15. Qd1 {
[%clk 0:06:19]} 15... Nc4 {[%clk 0:06:25]} 16. Bxc4 {[%clk 0:06:13]} 16... dxc4
{[%clk 0:06:22]} 17. Qe1 {[%clk 0:06:09]} 17... b6 {[%clk 0:06:00]} 18. Nc3 {
[%clk 0:06:11]} 18... Nd5 {[%clk 0:06:00]} 19. Ne4 {[%clk 0:06:10]} 19... Be7 {
[%clk 0:05:43]} 20. Rc1 {[%clk 0:06:01]} 20... Kf8 {[%clk 0:05:41]} 21. Nc3 {
[%clk 0:05:48]} 21... Bc6 {[%clk 0:05:39]} 22. Ne4 {[%clk 0:05:22]} 22... Bb7 {
[%clk 0:05:23]} 23. Qe2 {[%clk 0:05:00]} 23... b5 {[%clk 0:05:24]} 24. a4 {
[%clk 0:04:21]} 24... b4 {[%clk 0:05:11]} 25. Rxc4 {[%clk 0:03:56]} 25... Ba6 {
[%clk 0:05:08]} 26. Rxc8 {[%clk 0:03:58]} 26... Qxc8 {[%clk 0:05:10]} 27. Qf2 {
[%clk 0:03:48]} 27... Bxf1 {[%clk 0:05:11]} 28. Qxf1 {[%clk 0:03:50]} 28... Qc2
{[%clk 0:05:06]} 29. Nd6 {[%clk 0:03:36]} 29... Kg7 {[%clk 0:04:56]} 30. Qb5 {
[%clk 0:03:23]} 30... Rd8 {[%clk 0:04:36]} 31. Qxa5 {[%clk 0:03:20]} 31... Qxb2
{[%clk 0:04:36]} 32. f5 {[%clk 0:03:09]} 32... gxf5 {[%clk 0:04:31]} 33. Bh6+ {
[%clk 0:02:44]} 33... Kg6 {[%clk 0:03:49]} 34. Bg5 {[%clk 0:02:32]} 34... Bxg5
{[%clk 0:03:48]} 35. Qa7 {[%clk 0:02:19]} 35... Be3+ {[%clk 0:03:49]} 0-1